Código para la protección de niños, niñas y adolescentes y normativa internacional. (Registro nro. 7603)

Detalles MARC
000 -LIDER
fixed length control field 01911nam a2200349 a 4500
001 - NÚMERO DE CONTROL
Identificador de número de control 000024110
003 - IDENTIFICACDOR DE NÚMERO DE CONTROL
control field DO-SdBNP
005 - DATE AND TIME OF LATEST TRANSACTION
control field 20180327111708.0
007 - CAMPOS FIJOS DE DESCRIPCIÓN FÍSICA
fixed length control field 000024110
008 - ELEMENTOS DE LONGITUD FIJA
fixed length control field 110119s1994 dr 001 0 spa d
040 ## - FUENTE DE CATALOGACIÓN
Agencia que crea de manera original el registro BPMSU
Idioma de catalogación spa
Agencia que realiza la transcripción BPMSU
092 ## - LOCALLY ASSIGNED DEWEY DECIMAL CALL NUMBER
Número de clasificación 323.352
Número de ítem (Cutter) R426c, 1994
110 1# - ASIENTO PRINCIPAL--NOMBRE CORPORATIVO
Nombre corporativo o de jurisdicción República Dominicana
240 10 - TITULO UNIFORME
Título uniforme [Leyes, etc.].
245 10 - MENCIÓN DE TITULO
Título Código para la protección de niños, niñas y adolescentes y normativa internacional.
260 ## - PUBLICACIÓN, DISTRIBUCIÓN, ETC. (PIE DE IMPRENTA)
Lugar de publicación, distribución, etc Santo Domingo :
Nombre del editor, distribuidor, etc. UNICEF,
Fecha de publicación, distribución, etc 1994.
300 ## - DESCRIPCIÓN FÍSICA
Extensión 286 p. ;
Dimensiones 27 cm.
505 0# - NOTA DE CONTENIDO
Información miscelánea Presentación
Título Código para la protección de niños, niñas y adolescentes --
-- Convención sobre los derechos del niño, aprobada por la Asamblea General de las Naciones Unidas el 20 de Noviembre de 1989 --
-- Reglas de Beijing, reglas mínimas de las Asamblea General de las Naciones Unidas para la administración de la justicia de menores --
-- Protección de los menores privados de libertad --
-- Directrices de la RIAD, directrices de las Naciones Unidas para la prevención de la delincuencia juvenil --
-- Apéndice: Convención sobre la eliminación de todas las formas de discriminación contra la mujer, aprobada por la Asamblea General de las Naciones Unidas el 16 de diciembre de 1979.
650 #4 - ENCABEZAMIENTO DE MATERIA--TEMÁTICO
Término temático o nombre geográfico como elemento de entrada ADMINISTRACIÓN DE JUSTICIA PARA MENORES
Subdivisión temática general LEGISLACIÓN
650 #4 - ENCABEZAMIENTO DE MATERIA--TEMÁTICO
Término temático o nombre geográfico como elemento de entrada ASISTENCIA PÚBLICA
Subdivisión temática general LEGISLACIÓN
650 #4 - ENCABEZAMIENTO DE MATERIA--TEMÁTICO
Término temático o nombre geográfico como elemento de entrada DERECHO DE FAMILIA
Subdivisión temática general LEGISLACIÓN
650 #4 - ENCABEZAMIENTO DE MATERIA--TEMÁTICO
Término temático o nombre geográfico como elemento de entrada TRABAJO SOCIAL CON NIÑOS
Subdivisión temática general LEGISLACIÓN
650 #4 - ENCABEZAMIENTO DE MATERIA--TEMÁTICO
Término temático o nombre geográfico como elemento de entrada NIÑOS
Subdivisión temática general SITUACIÓN LEGAL
710 2# - ASIENTO SECUNDARIO -- NOMBRE CORPORATIVO
Nombre corporativo o de jurisdicción Fondo de las Naciones Unidas para la Infancia (República Dominicana).
910 ## - VALIDACIÓN
Validación Validado. Control de calidad EMS
942 ## - ADDED ENTRY ELEMENTS (KOHA)
Source of classification or shelving scheme Dewey Decimal Classification
Koha item type Libros
945 ## - INFORMACIÓN DE PROCESAMIENTO LOCAL
Información de procesamiento local Remenejado para la BNPHU / BT
956 ## - LOCAL ELECTRONIC LOCATION AND ACCESS (OCLC)
Nombre de host IGARCIA
Número de acceso 10
Información de compresión 20110119
Inicio de sesión BND01
Procesador de solicitud 0951
956 ## - LOCAL ELECTRONIC LOCATION AND ACCESS (OCLC)
Nombre de host NMORDAN
Número de acceso 10
Información de compresión 20110201
Inicio de sesión BND01
Procesador de solicitud 0941
956 ## - LOCAL ELECTRONIC LOCATION AND ACCESS (OCLC)
Nombre de host EMARRERO
Número de acceso 40
Información de compresión 20120925
Inicio de sesión BND01
Procesador de solicitud 2249
956 ## - LOCAL ELECTRONIC LOCATION AND ACCESS (OCLC)
Nombre de host VMATEO
Número de acceso 10
Información de compresión 20150914
Inicio de sesión BPMSU
Procesador de solicitud 00151
Existencias
Withdrawn status Lost status Source of classification or shelving scheme Damaged status Not for loan Collection code Home library Current library Date acquired Total Checkouts Full call number Barcode Date last seen Price effective from Koha item type
    Dewey Decimal Classification     Colección Dominicana Biblioteca Pública Metropolitana Salomé Ureña Biblioteca Pública Metropolitana Salomé Ureña 04/10/2015   323.352 R426c 1994 BPMSU15041272 04/10/2015 04/10/2015 Libros